000 00815cad a22001935a 4500
001 E150724
008 100824n xxk f 000 0 eng d
035 _a(Sirsi) u150724
041 0 _aeng
110 2 _aConstruction Industry Council
_92417
245 0 2 _aA professional career in the built environment
_ban opportunity to transform our world
_h[electronic resource]
260 _aLondon
_bCIC
_c[n.d.]
520 _aA guide for those considering a career in the built environment, including surveying, planning, architecture, engineering and project management.
590 _aKA
651 4 _aUnited Kingdom
_y
690 _aCAREERS, EDUCATION AND TRAINING
856 4 0 _uhttps://www.cic.org.uk/activities/CIC_AProfessionalCareer_BuiltEnvironment.pdf
_zView the guide free of charge at www.cic.org.uk
942 _n0
999 _c110958
_d110958